000 00805nam a2200265Ia 4500
003 OSt
005 20220924115324.0
006 a|||||r|||| 00| 0
007 ta
008 220923b |||||||| |||| 00| 0 urd d
020 _a9383322683 (hbk)
020 _cINR 300.00
024 _a324161
037 _b4934, 25/02/2017, Kitabi Duniya
_cTextual
040 _aARTS
_cARTS
_burd
041 _2urd
_aurd
082 _aO168,1N1312:g, Q5
100 _aAli Mohammad Irshad Au.
_9177763
245 0 _aSalik Lakhnawi
_b ahad aur shaeri
260 _aDelhi
_bArshia publications India
_c2015
300 _a192p.
_ccm.
650 _aURDU POETRY
942 _hO168,1N1312:g, Q5
_cTEXL
_2CC
999 _c397822
_d397822